000 00684cam a22002172 4500
001 0000021505
005 20151217145939.0
008 120618s xx 000 0 eng d
020 _a0071220623 :
040 _aKABU
_cKABU
100 1 _aBateman, Thomas S.
_@0000171064
245 1 0 _aManagement :
_bleading & collaborating in a competitive world /
_cThomas S. Bateman & Scott A. Snell.
250 _a9th ed.
260 _aNew York :
_bMcGraw-Hill,
_c2011.
300 _a1 v. (various pagings)
650 0 _aManagement.
_@0000083920
700 1 _aSnell, Scott A.
_@0000171065
852 1 _9p3836 KES
908 _a120618
950 _@1
999 _c4345
_d4345